|
|
|
|
| LEADER |
00679nab a2200169 i 4500 |
| 001 |
delm87922 |
| 005 |
20190425105350.0 |
| 008 |
190425s1975 hu o 0|| hun d |
| 040 |
|
|
|a SZTE Délmagyarország Archívum
|b hun
|
| 041 |
|
|
|a hun
|
| 100 |
1 |
|
|a Förgeteg Szilveszter
|
| 245 |
1 |
0 |
|a Képviselőjelöltnek javasolták őket
|h [elektronikus dokumentum] /
|c Förgeteg Szilveszter
|
| 260 |
|
|
|c 1975-05-27
|
| 300 |
|
|
|a 3
|
| 490 |
0 |
|
|a Délmagyarország
|v 65 No. 122
|
| 695 |
|
|
|a Debreczeni Géza, Földeák, Nagylak, Politikai élet parlamenti választás 1975 képviselőjelölt Földeák, Politikai élet parlamenti választás 1975 képviselőjelölt Nagylak
|
| 700 |
0 |
1 |
|a Debreczeni Géza
|e aut
|